Effectif de l'OGC Nice 2020/2021 - Statistiques

Statistiques générales
  • Ce quiz a été pris 42 fois
    10 depuis la dernière actualisation
  • Le résultat moyen est 16 sur 25
Statistiques - réponses
Poste Numéro Réponse % Correct
D 4 Dante
100%
G 40 Walter Benitez
100%
A 11 Amine Gouiri
89%
D 23 Jordan Lotomba
89%
G 30 Yoan Cardinale
89%
A 10 Alexis Claude-Maurice
78%
M 28 Hicham Boudaoui
78%
D 25 Jean-Clair Todibo
78%
A 9 Kasper Dolberg
78%
D 5 Flavius Daniliuc
67%
M 19 Khephren Thuram
67%
M 8 Pierre Lees-Melou
67%
G 16 Teddy Boulhendi
67%
D 20 Youcef Atal
67%
A 14 Dan Ndoye
56%
D 13 Hassane Kamara
56%
M 6 Morgan Schneiderlin
56%
D 3 Robson Bambu
56%
D 18 William Saliba
56%
D 24 Andy Pelmard
44%
A 7 Myziane Maolida
44%
D 2 Stanley Nsoki
44%
M 27 Alexis Trouillet
33%
M 29 Jeff Reine-Adélaïde
33%
M 22 Rony Lopes
33%
Aucun quiz correspondant
Distribution des résultats
% des personnes avec chaque résultat
Percentile par nombre de réponses
Votre historique - résultats
Vous n’avez pas pris ce quiz depuis la dernière actualisation